| 000 | 00440nam a2200169Ia 4500 | ||
|---|---|---|---|
| 008 | 100305t2005 xxu||||| |||| 00| 0 sin d | ||
| 041 | _asin | ||
| 080 |
_aX8S31 _bDIA |
||
| 100 | _aDias, Sunethra Thushari | ||
| 245 | _aපූජනීයයි ආදරේ | ||
| 246 | _aPujaneeyayi Adare | ||
| 260 |
_bNishantha _aGanemulla _c2005 |
||
| 300 | _a213p., 21 cm | ||
| 942 | _cBK | ||
| 999 |
_c72415 _d72415 |
||
| 003 | LK-CoDNM | ||
| 040 |
_aLK-CoDNM _dLK-CoDNM _eLK-CoDNM |
||